[Event "LLHH 2324 SK Marmstorf - SC Diogenes"]
[Site "?"]
[Date "2023.12.03"]
[Round "3.2"]
[White "Hawellek, Jeronimo"]
[Black "Schulenburg, Fabian"]
[Result "1/2-1/2"]
[WhiteElo "2297"]
[BlackElo "2273"]
[PlyCount "61"]
[EventDate "2023.??.??"]

1. d4 d5 2. c4 c6 3. cxd5 cxd5 4. Bf4 Nc6 5. e3 Nf6 6. Nc3 a6 7. Be2 e6 8. Rc1 Bd6 9. Bxd6 Qxd6 10. Bd3 O-O 11. f4 Bd7 12. Nf3 Ne7 13. Ne5 Rfc8 14. Qe2 Rc7 15. O-O Rac8 16. g4 Be8 17. Qf2 Nd7 18. Qh4 Nf8 19. f5 f6 20. Nf3 Qb6 21. Rf2 e5 22. Bb1 e4 23. Ne1 h6 24. a3 Bb5 25. Ng2 Nh7 26. Qg3 Ng5 27. Ne1 Bc4 28. h4 Nf7 29. Ng2 Bb3 30. Nf4 Qd6 31. Kg2 1/2-1/2

[Event "LLHH 2324 SK Marmstorf - SC Diogenes"]
[Site "?"]
[Date "2023.12.03"]
[Round "3.3"]
[White "Schulenburg, Torben"]
[Black "Ramme, Christoph"]
[Result "0-1"]
[WhiteElo "2236"]
[BlackElo "2126"]
[PlyCount "62"]
[EventDate "2023.??.??"]

1. d4 Nf6 2. c4 e6 3. g3 d5 4. Bg2 Be7 5. Nf3 O-O 6. O-O dxc4 7. Qc2 a6 8. Qxc4 b5 9. Qb3 Bb7 10. Be3 Nbd7 11. Rc1 Rc8 12. a4 Bd5 13. Qd1 c5 14. axb5 axb5 15. Nc3 Bc6 16. dxc5 Bxc5 17. Bxc5 Nxc5 18. Nd4 Bxg2 19. Kxg2 b4 20. Ncb5 Qb6 21. Na7 Rcd8 22. Nac6 Rd6 23. Ne7+ Kh8 24. Qc2 Qb7+ 25. Kg1 Nfd7 26. Nb3 Nxb3 27. Qxb3 Nf6 28. Ra4 Qxe7 29. Rxb4 h6 30. e4 e5 31. Qf3 Rd1+ 0-1

[Event "LLHH 2324 SK Marmstorf - SC Diogenes"]
[Site "?"]
[Date "2023.12.03"]
[Round "3.4"]
[White "Mueller, Jan-Hendrik"]
[Black "Stephan, Axel"]
[Result "1/2-1/2"]
[WhiteElo "2153"]
[BlackElo "2229"]
[PlyCount "187"]
[EventDate "2023.??.??"]

1. d4 Nf6 2. Nf3 g6 3. c4 Bg7 4. e3 O-O 5. Be2 d6 6. Nc3 Nbd7 7. O-O e5 8. Qc2 Re8 9. b4 a5 10. b5 b6 11. Bb2 Bb7 12. Rad1 exd4 13. Nxd4 Nc5 14. Bf3 Bxf3 15. Nxf3 Qd7 16. Ne2 Nfe4 17. Nf4 f5 18. Nd5 Rac8 19. Nd4 Qf7 20. Ne2 Bxb2 21. Qxb2 Qg7 22. Qc2 Nf6 23. Nef4 Nxd5 24. Nxd5 Re5 25. Rfe1 Ne4 26. Rd4 Nf6 27. Nf4 Rce8 28. Nd5 Re4 29. Rd3 R4e5 30. f3 Qf7 31. Qd2 Nxd5 32. cxd5 R8e7 33. Rc1 Qe8 34. a4 Rd7 35. Kf2 Qf7 36. Rc4 Ree7 37. h4 Qf6 38. Qc3 Kf7 39. g3 Qxc3 40. Rdxc3 Kf6 41. g4 h6 42. Kg3 g5 43. hxg5+ hxg5 44. gxf5 Kxf5 45. Rg4 Rh7 46. Rc1 Rh5 47. Rg1 Kf6 48. e4 Rdh7 49. Kf2 Rh2+ 50. Ke3 R2h5 51. Kd4 Rh3 52. f4 gxf4 53. Rxf4+ Ke7 54. Rc1 Kd7 55. e5 dxe5+ 56. Kxe5 R7h5+ 57. Kd4 R5h4 58. Rcf1 Ra3 59. Ke5 Rh5+ 60. Rf5 Rxf5+ 61. Rxf5 Rxa4 62. Rf7+ Kc8 63. d6 cxd6+ 64. Kxd6 Rc4 65. Rf8+ Kb7 66. Rf7+ Kb8 67. Rf8+ Rc8 68. Rf7 a4 69. Rf4 a3 70. Ra4 Rc3 71. Kd5 Rc5+ 72. Kd4 Rxb5 73. Rxa3 Kb7 74. Kc4 Rh5 75. Rg3 Ka6 76. Kb3 Kb5 77. Rf3 Rh1 78. Rf5+ Ka6 79. Rg5 Rb1+ 80. Kc2 Rb4 81. Kc3 Rh4 82. Kb3 b5 83. Rg6+ Ka5 84. Rg3 Rh1 85. Rf3 Rb1+ 86. Ka2 Rb4 87. Ka3 Rg4 88. Kb3 Rg5 89. Rh3 b4 90. Rf3 Kb5 91. Rh3 Rc5 92. Rg3 Rc3+ 93. Rxc3 bxc3 94. Kxc3 1/2-1/2

[Event "LLHH 2324 SK Marmstorf - SC Diogenes"]
[Site "?"]
[Date "2023.12.03"]
[Round "3.5"]
[White "Gottuk, Stefan"]
[Black "Hohlbein, Michael"]
[Result "1-0"]
[WhiteElo "2168"]
[BlackElo "1976"]
[PlyCount "135"]
[EventDate "2023.??.??"]

1. d4 d5 2. Bf4 c5 3. dxc5 Nc6 4. Nf3 Nf6 5. h3 g6 6. c3 Bg7 7. Qc1 h5 8. Nbd2 Ne4 9. Nxe4 dxe4 10. Nd2 e5 11. Be3 f5 12. g3 O-O 13. Nb3 a5 14. Bg5 Qc7 15. e3 Be6 16. Qc2 Nd8 17. Bxd8 Raxd8 18. Rd1 Rxd1+ 19. Kxd1 Rd8+ 20. Kc1 a4 21. Nd2 Qxc5 22. Qxa4 Qd5 23. Qc2 Qxa2 24. Be2 Qa1+ 25. Qb1 Qa5 26. Rd1 b5 27. Kc2 Bf8 28. Qa1 Qb6 29. c4 Qc6 30. b3 Ra8 31. Qb2 Ba3 32. Qxe5 Bf8 33. Ra1 Rxa1 34. Qxa1 bxc4 35. Bxc4 Bxc4 36. Nxc4 Bg7 37. Qa7 Qd5 38. Qb8+ Kh7 39. Qd6 Qa8 40. Qa3 Qd8 41. b4 Bf8 42. Qb3 h4 43. b5 hxg3 44. fxg3 Qb8 45. b6 Qxg3 46. b7 Qh2+ 47. Kc1 Qg1+ 48. Qd1 Qh2 49. Qd8 Qe2 50. b8=Q Qxc4+ 51. Kb2 Bg7+ 52. Ka3 Qc3+ 53. Qb3 Qc5+ 54. Ka4 Qc6+ 55. Qb5 Qc2+ 56. Ka5 Qc3+ 57. Ka6 Qxe3 58. Qh4+ Qh6 59. Qxh6+ Bxh6 60. Qd7+ Bg7 61. Qe7 Kh6 62. h4 Kh7 63. Kb5 Kg8 64. Qg5 Kf7 65. h5 gxh5 66. Qxf5+ Bf6 67. Qxh5+ Ke6 68. Kc4 1-0

[Event "LLHH 2324 SK Marmstorf - SC Diogenes"]
[Site "?"]
[Date "2023.12.03"]
[Round "3.6"]
[White "Bach, Matthias"]
[Black "Laqua, Christian"]
[Result "1-0"]
[WhiteElo "2206"]
[BlackElo "2024"]
[PlyCount "123"]
[EventDate "2023.??.??"]

1. d4 Nf6 2. c4 c5 3. d5 e5 4. Nc3 d6 5. e4 Nbd7 6. h4 h5 7. Be2 Be7 8. Nh3 g6 9. g3 Nf8 10. f3 Bxh3 11. Rxh3 Qc8 12. Rh1 a6 13. Bd2 Rb8 14. a4 b6 15. Qc2 Rb7 16. O-O-O N8d7 17. Rdf1 Kd8 18. Bg5 Ne8 19. Bxe7+ Kxe7 20. f4 Ng7 21. f5 gxf5 22. exf5 Nf6 23. Ne4 Nxe4 24. Qxe4 f6 25. g4 hxg4 26. Qxg4 Rh7 27. h5 Qh8 28. Rfg1 Kf8 29. Qh3 Rh6 30. Rg6 Ne8 31. Rhg1 Rg7 32. Kb1 Rhxg6 33. fxg6 Qh6 34. Qb3 Qf4 35. Qf3 Qh6 36. Bd1 Re7 37. Bc2 Kg7 38. Be4 Nc7 39. Rh1 b5 40. Qf5 bxa4 41. Qc8 Ne8 42. Qxa6 f5 43. Bxf5 e4 44. Qxa4 e3 45. Be6 Nc7 46. Qb3 Nxe6 47. dxe6 Qf4 48. Qd3 Rxe6 49. h6+ Qxh6 50. Rxh6 Kxh6 51. Qf5 Re5 52. Qf8+ Kxg6 53. Qxd6+ Kf5 54. Qd3+ Kf4 55. Qf1+ Ke4 56. Kc2 Rf5 57. Qg2+ Rf3 58. Qg6+ Kd4 59. Qg4+ Ke5 60. Qxf3 e2 61. Qxe2+ Kd4 62. Qd3+ 1-0

[Event "LLHH 2324 SK Marmstorf - SC Diogenes"]
[Site "?"]
[Date "2023.12.03"]
[Round "3.7"]
[White "Rieling, Thomas"]
[Black "Diekmann, Jens"]
[Result "0-1"]
[WhiteElo "2086"]
[BlackElo "2036"]
[PlyCount "102"]
[EventDate "2023.??.??"]

1. e4 c5 2. Nc3 Nc6 3. f4 g6 4. Nf3 Bg7 5. d3 d6 6. g3 Bg4 7. h3 Bxf3 8. Qxf3 Nd4 9. Qf2 e6 10. Bg2 Ne7 11. O-O Qd7 12. Nd1 O-O 13. Be3 Rac8 14. g4 f5 15. c3 Ndc6 16. Qe2 b6 17. Nf2 d5 18. gxf5 exf5 19. e5 d4 20. Bd2 dxc3 21. bxc3 Rcd8 22. h4 Kh8 23. Rad1 Qe6 24. Bc1 Nd5 25. Bd2 Nde7 26. Be1 Rd7 27. Kh1 Rfd8 28. Nh3 h6 29. Rg1 Rg8 30. Bf3 Kh7 31. Qh2 Bh8 32. Qg2 Nd5 33. Bd2 Nce7 34. Qf2 Nc7 35. Bc1 Rgd8 36. Qe2 Ncd5 37. Qc2 Nc7 38. Rg2 Rg8 39. Rh2 Ncd5 40. Rg2 Nc7 41. Rdg1 Rdd8 42. Rh2 Qd7 43. Rd1 Ne6 44. Qf2 Qa4 45. h5 g5 46. fxg5 hxg5 47. Qe3 Nd5 48. Qd2 Bxe5 49. Rg2 Qh4 50. Rh2 Bxh2 51. Kxh2 Ndf4 0-1

[Event "LLHH 2324 SK Marmstorf - SC Diogenes"]
[Site "?"]
[Date "2023.12.03"]
[Round "3.8"]
[White "Koenig, Friedrich Theodor"]
[Black "Kilic, Oguz"]
[Result "0-1"]
[WhiteElo "1955"]
[BlackElo "2041"]
[PlyCount "62"]
[EventDate "2023.??.??"]

1. Nf3 Nf6 2. g3 g6 3. b3 Bg7 4. Bb2 O-O 5. Bg2 d6 6. d4 Bg4 7. O-O c6 8. c4 Qd7 9. Nc3 Bh3 10. e4 Bxg2 11. Kxg2 Na6 12. Qe2 Nc7 13. e5 Nh5 14. h3 Ne6 15. Qe3 d5 16. Rfe1 Rad8 17. cxd5 cxd5 18. Ne2 f5 19. exf6 Bxf6 20. g4 Nhg7 21. Ng3 g5 22. Kh2 Nf4 23. Ne5 Qe6 24. Nd3 Qd6 25. a4 Rf7 26. Ne5 Bxe5 27. dxe5 Qh6 28. Ne2 Nxh3 29. e6 Rxf2+ 30. Kh1 Nf4+ 31. Kg1 Qh2# 0-1

[Event "LLHH 2324 Hamburger SK V - SV Großhansd"]
[Site "?"]
[Date "2023.12.03"]
[Round "3.1"]
[White "Wahls, Matthias"]
[Black "Engel, Robert"]
[Result "1-0"]
[WhiteElo "2529"]
[BlackElo "2062"]
[PlyCount "61"]
[EventDate "2023.??.??"]

1. e4 c5 2. Nf3 d6 3. d4 cxd4 4. Nxd4 Nf6 5. Nc3 Nc6 6. Bg5 e6 7. Qd2 a6 8. O-O-O Bd7 9. Kb1 Be7 10. f3 Qc7 11. g4 h5 12. gxh5 Rxh5 13. h4 Rc8 14. f4 Nxe4 15. Nxe4 Nxd4 16. Be2 Nxe2 17. Qxe2 Bc6 18. Rh3 Bb5 19. Qg2 d5 20. Bxe7 Kxe7 21. Ng5 Rch8 22. f5 Rxh4 23. Nxe6 fxe6 24. Rxh4 Rxh4 25. Qxg7+ Kd8 26. Qg5+ Kc8 27. Qxh4 exf5 28. Rxd5 Kb8 29. Rxf5 Qg7 30. Qf4+ Ka8 31. Rf8+ 1-0

[Event "LLHH 2324 Hamburger SK V - SV Großhansd"]
[Site "?"]
[Date "2023.12.03"]
[Round "3.2"]
[White "Fuhrmann, Bahne"]
[Black "Paul, Anatolij"]
[Result "1/2-1/2"]
[WhiteElo "2032"]
[BlackElo "2073"]
[PlyCount "137"]
[EventDate "2023.??.??"]

1. d4 d6 2. c4 e5 3. Nf3 e4 4. Nfd2 f5 5. Nc3 Nf6 6. e3 c6 7. d5 c5 8. a3 g6 9. b3 Bg7 10. Bb2 Nbd7 11. Qc2 Ne5 12. Be2 Bd7 13. O-O-O Qe7 14. h3 O-O 15. Kb1 a6 16. a4 b5 17. cxb5 axb5 18. axb5 Nd3 19. Bxd3 exd3 20. Qxd3 Ne4 21. Ndxe4 fxe4 22. Qe2 Rfb8 23. Qc2 Re8 24. Rde1 Rab8 25. f3 exf3 26. gxf3 Bf5 27. e4 Bd7 28. Qd3 Qh4 29. Re2 Be5 30. Rg2 Rf8 31. Qe3 Qf6 32. Rhg1 Qf4 33. Qxf4 Rxf4 34. Ne2 Rxf3 35. Bxe5 dxe5 36. Rg3 Rf2 37. R1g2 Rxg2 38. Rxg2 Bxh3 39. Rg5 Kf7 40. Nc3 Kf6 41. Rg3 Bd7 42. Rf3+ Ke7 43. Kc2 Bxb5 44. d6+ Kxd6 45. Rf7 Bd7 46. Rxh7 Be6 47. Ra7 Bxb3+ 48. Kd3 Rg8 49. Ra6+ Kd7 50. Ra5 Kc6 51. Ra6+ Kb7 52. Ra5 Kc6 53. Ra6+ Kd7 54. Ra7+ Ke6 55. Ra6+ Kf7 56. Rc6 c4+ 57. Ke2 Rh8 58. Nd5 Rh2+ 59. Ke3 Rh3+ 60. Kf2 Rd3 61. Rc7+ Kf8 62. Ne7 Rd6 63. Nd5 Bc2 64. Ke3 Bd3 65. Rh7 Re6 66. Nb4 Re7 67. Rh1 Rb7 68. Nc6 Kg7 69. Nxe5 1/2-1/2

[Event "LLHH 2324 Hamburger SK V - SV Großhansd"]
[Site "?"]
[Date "2023.12.03"]
[Round "3.3"]
[White "Spindel, Ulrich"]
[Black "Meyling, Lennart"]
[Result "1/2-1/2"]
[WhiteElo "2090"]
[BlackElo "2116"]
[PlyCount "50"]
[EventDate "2023.??.??"]

1. d4 d5 2. c4 c6 3. cxd5 cxd5 4. Nf3 Nf6 5. Nc3 Nc6 6. Bf4 e6 7. e3 Bd6 8. Bxd6 Qxd6 9. Be2 O-O 10. O-O Bd7 11. Rc1 Rac8 12. a3 e5 13. dxe5 Nxe5 14. Qd4 Nc6 15. Qh4 Ne7 16. Qg3 Qb6 17. b4 Rxc3 18. Rxc3 Ne4 19. Qc7 Nxc3 20. Qxc3 Rc8 21. Qe5 Qe6 22. h3 Qxe5 23. Nxe5 Ba4 24. Nd3 Rc3 25. Rc1 Rxc1+ 1/2-1/2

[Event "LLHH 2324 Hamburger SK V - SV Großhansd"]
[Site "?"]
[Date "2023.12.03"]
[Round "3.4"]
[White "Fuhrmann, Aake"]
[Black "Ennenbach, Ralph"]
[Result "0-1"]
[WhiteElo "2041"]
[BlackElo "2087"]
[PlyCount "48"]
[EventDate "2023.??.??"]

1. d4 c5 2. d5 Nf6 3. c4 g6 4. Nc3 Bg7 5. g3 e5 6. Bg2 d6 7. e4 O-O 8. Nge2 Nh5 9. Be3 f5 10. Qd2 Nd7 11. O-O Rf7 12. Nb5 Ndf6 13. Bg5 Qf8 14. f4 Nxe4 15. Bxe4 fxe4 16. fxe5 Bxe5 17. Nc7 Bh3 18. Rxf7 Qxf7 19. Ne6 Qf3 20. N6f4 e3 21. Qc2 Nxf4 22. Nxf4 e2 23. Qd3 Bd4+ 24. Qxd4 Qf1+ 0-1

[Event "LLHH 2324 Hamburger SK V - SV Großhansd"]
[Site "?"]
[Date "2023.12.03"]
[Round "3.5"]
[White "Limbach, Torsten"]
[Black "Reyes Mantilla, Andres Mauricio"]
[Result "0-1"]
[WhiteElo "1980"]
[BlackElo "1997"]
[PlyCount "82"]
[EventDate "2023.??.??"]

1. c4 c5 2. g3 Nc6 3. Bg2 g6 4. Nc3 Bg7 5. Nf3 d6 6. O-O Bf5 7. d3 Qd7 8. a3 Rb8 9. Rb1 a6 10. Bd2 b5 11. cxb5 axb5 12. b4 cxb4 13. axb4 Nf6 14. Qb3 O-O 15. Rfe1 h6 16. h4 Rfc8 17. Rbc1 Bg4 18. Nh2 Be6 19. Qb1 Bh3 20. Bh1 d5 21. e4 dxe4 22. dxe4 e5 23. Be3 Nd4 24. Bxd4 exd4 25. Nd5 Nxd5 26. exd5 Rc4 27. Qe4 h5 28. Qf4 Rbc8 29. Rcd1 Rxb4 30. Nf3 Qxd5 31. Re7 Qf5 32. Qd6 Rb2 33. Rde1 Bg4 34. Qa3 d3 35. Re8+ Rxe8 36. Rxe8+ Kh7 37. Ng5+ Kh6 38. Rh8+ Bxh8 39. Qf8+ Bg7 40. Nxf7+ Kh7 41. Ng5+ Qxg5 0-1

[Event "LLHH 2324 Hamburger SK V - SV Großhansd"]
[Site "?"]
[Date "2023.12.03"]
[Round "3.6"]
[White "Foo, Tzun Hong"]
[Black "Varain, Ernst-Helmuth"]
[Result "0-1"]
[WhiteElo "1968"]
[BlackElo "2019"]
[PlyCount "74"]
[EventDate "2023.??.??"]

1. e4 e5 2. Nf3 Nc6 3. Bb5 a6 4. Ba4 d6 5. c3 Nf6 6. Bc2 g6 7. O-O Bg7 8. d3 O-O 9. Nbd2 d5 10. Qe2 dxe4 11. dxe4 Nh5 12. Nb3 h6 13. Be3 Qf6 14. h3 Nf4 15. Bxf4 Qxf4 16. Rad1 Qf6 17. Nc5 Re8 18. Bb3 Na5 19. Rd5 Nxb3 20. axb3 Bf8 21. Qc4 Bd6 22. Rd3 b6 23. Qd5 Bxh3 24. Nb7 Be6 25. Qc6 Bxb3 26. c4 Be7 27. Nxe5 Qxc6 28. Nxc6 Bxc4 29. Rd7 Bxf1 30. Rxc7 Bf8 31. Kxf1 Rxe4 32. Nbd8 Rf4 33. g3 Rf6 34. Ke2 a5 35. f4 h5 36. b3 b5 37. Ke3 a4 0-1

[Event "LLHH 2324 Hamburger SK V - SV Großhansd"]
[Site "?"]
[Date "2023.12.03"]
[Round "3.7"]
[White "Baldauf, Bastian"]
[Black "Goldmann, David"]
[Result "1-0"]
[WhiteElo "2084"]
[BlackElo "1925"]
[PlyCount "65"]
[EventDate "2023.??.??"]

1. e4 c5 2. d4 cxd4 3. c3 d3 4. Bxd3 Nc6 5. f4 d6 6. Nf3 Nf6 7. Qe2 Bg4 8. h3 Bxf3 9. Qxf3 Rc8 10. Be3 g6 11. O-O Bg7 12. Qf2 b6 13. Ba6 Rc7 14. Qf3 O-O 15. Na3 Nb8 16. Be2 Rc8 17. Rad1 Nbd7 18. g4 Qc7 19. g5 Ne8 20. Qg2 Nc5 21. h4 Qb7 22. Bf3 Qa6 23. Bd4 Ne6 24. Bxg7 N8xg7 25. f5 Nf4 26. Qd2 Ngh5 27. f6 exf6 28. gxf6 Kh8 29. Bg4 Rce8 30. Rxf4 Nxf4 31. Qxf4 Qa4 32. Rd4 Qc6 33. Nc4 1-0

[Event "LLHH 2324 Hamburger SK V - SV Großhansd"]
[Site "?"]
[Date "2023.12.03"]
[Round "3.8"]
[White "Lu, Yunong Elias"]
[Black "Willers, Nico"]
[Result "1/2-1/2"]
[WhiteElo "1809"]
[BlackElo "1678"]
[PlyCount "38"]
[EventDate "2023.??.??"]

1. e4 c6 2. Nc3 d5 3. Nf3 Bg4 4. h3 Bxf3 5. Qxf3 e6 6. g3 Nd7 7. d4 Qb6 8. Qd3 dxe4 9. Nxe4 Ngf6 10. Nxf6+ Nxf6 11. Bg2 Rd8 12. c3 Be7 13. O-O O-O 14. a4 c5 15. Be3 Nd5 16. Bxd5 Rxd5 17. dxc5 Bxc5 18. Bxc5 Qxc5 19. Qe2 Rfd8 1/2-1/2

[Event "LLHH 2324 SK Union Eimsbüttel - Hamburg"]
[Site "?"]
[Date "2024.01.14"]
[Round "4.1"]
[White "Fuhrmann, Bahne"]
[Black "Schultz, Andreas"]
[Result "1/2-1/2"]
[WhiteElo "2063"]
[BlackElo "2150"]
[PlyCount "117"]
[EventDate "2024.??.??"]

1. e4 e6 2. d4 d5 3. exd5 exd5 4. Nf3 Nf6 5. Bd3 Be7 6. h3 O-O 7. O-O c5 8. dxc5 Bxc5 9. Nbd2 Nc6 10. Nb3 Bb6 11. c3 Ne4 12. a4 Be6 13. Nbd4 Nxd4 14. Nxd4 Bxd4 15. cxd4 Re8 16. Re1 Bd7 17. Qf3 Re6 18. Be3 Qe8 19. b3 b5 20. axb5 Bxb5 21. Bxe4 dxe4 22. Qf4 a6 23. Rac1 Rd8 24. Rc7 Rc6 25. Rxc6 Qxc6 26. Rc1 Qe6 27. Rc5 h6 28. Re5 Qxb3 29. Qxe4 Qc4 30. Rc5 Qe6 31. Qf3 Bc4 32. Re5 Qd6 33. Qg3 Kh7 34. Qf3 Kg8 35. Qg3 Bd5 36. Bf4 Qf6 37. Re1 Kh7 38. Ra1 Bc4 39. Rc1 Qe6 40. Be5 f6 41. Bxf6 Qxf6 42. Rxc4 Rxd4 43. Rc7 Rd1+ 44. Kh2 Rd5 45. Ra7 a5 46. Qc7 Qe5+ 47. Qxe5 Rxe5 48. Ra6 h5 49. h4 Rf5 50. f3 g6 51. Ra7+ Kh6 52. g4 hxg4 53. fxg4 Rb5 54. Kh3 Rb3+ 55. Kh2 Rb4 56. Kg3 Rb3+ 57. Kf4 Rb4+ 58. Kf3 Rb3+ 59. Kf4 1/2-1/2

[Event "LLHH 2324 SK Union Eimsbüttel - Hamburg"]
[Site "?"]
[Date "2024.01.14"]
[Round "4.2"]
[White "Franke, Lutz"]
[Black "Fuhrmann, Aake"]
[Result "1-0"]
[WhiteElo "2100"]
[BlackElo "2044"]
[PlyCount "85"]
[EventDate "2024.??.??"]

1. d4 Nf6 2. c4 g6 3. Nc3 Bg7 4. e4 d6 5. Be2 O-O 6. Nf3 e5 7. O-O Nc6 8. d5 Ne7 9. Ne1 Ne8 10. Nd3 f5 11. Bd2 Nf6 12. f3 f4 13. g4 fxg3 14. hxg3 Nh5 15. Kg2 Qe8 16. c5 g5 17. cxd6 cxd6 18. Nf2 Qg6 19. Rc1 Nf4+ 20. gxf4 gxf4+ 21. Ng4 h5 22. Rg1 hxg4 23. fxg4 Bd7 24. Bf3 Qg5 25. Be1 Ng6 26. Kf1 Nh4 27. Bxh4 Qxh4 28. Qe1 Qg5 29. Rc2 Kf7 30. Qe2 Rac8 31. Rh1 Rh8 32. Rxh8 Bxh8 33. a4 a6 34. Nd1 Rxc2 35. Qxc2 Bxg4 36. Qg2 Bxf3 37. Qxg5 Bxd1 38. Qf5+ Bf6 39. Qe6+ Kg7 40. Qxd6 f3 41. Qd7+ Kf8 42. Qc8+ Ke7 43. Qe6+ 1-0

[Event "LLHH 2324 SK Union Eimsbüttel - Hamburg"]
[Site "?"]
[Date "2024.01.14"]
[Round "4.3"]
[White "Reyes Mantilla, Andres Mauricio"]
[Black "Foerster, Andreas"]
[Result "1-0"]
[WhiteElo "2023"]
[BlackElo "2181"]
[PlyCount "79"]
[EventDate "2024.??.??"]

1. d4 c5 2. d5 e5 3. e4 d6 4. Nc3 Be7 5. Nf3 Bg4 6. Be2 Bxf3 7. Bxf3 Bg5 8. Bxg5 Qxg5 9. h4 Qd8 10. h5 Nf6 11. Rh3 Nbd7 12. Rg3 g6 13. Qd2 Qa5 14. Nb1 Qxd2+ 15. Nxd2 Ke7 16. a4 b6 17. Ke2 a6 18. Nc4 Rag8 19. Rh1 b5 20. Ne3 bxa4 21. Nc4 Rb8 22. Ra1 Rb4 23. Kd3 Rhb8 24. c3 Rxc4 25. Kxc4 Rxb2 26. hxg6 hxg6 27. Kd3 Nb6 28. Rh3 Rxf2 29. Rh8 g5 30. Rb8 Nbd7 31. Rb7 g4 32. Bd1 Rxg2 33. Bxa4 Rg3+ 34. Kc2 Rh3 35. Bxd7 Nxd7 36. Rxa6 Rh8 37. Raa7 Rd8 38. Kd2 Ke8 39. Ke3 c4 40. Rc7 1-0

[Event "LLHH 2324 SK Union Eimsbüttel - Hamburg"]
[Site "?"]
[Date "2024.01.14"]
[Round "4.4"]
[White "Stelting, Thorsten"]
[Black "Huo, Da"]
[Result "0-1"]
[WhiteElo "2170"]
[BlackElo "2025"]
[PlyCount "96"]
[EventDate "2024.??.??"]

1. e4 e5 2. Nf3 Nf6 3. Nxe5 d6 4. Nf3 Nxe4 5. Qe2 Qe7 6. d3 Nf6 7. Bg5 Qxe2+ 8. Bxe2 Be7 9. Nc3 h6 10. Bh4 g5 11. Bg3 Bd7 12. O-O-O Nc6 13. d4 g4 14. Nh4 O-O-O 15. d5 Ne5 16. Bb5 c6 17. dxc6 bxc6 18. Ba6+ Kc7 19. Rhe1 Nh5 20. f4 gxf3 21. Nxf3 Nxg3 22. Nxe5 dxe5 23. hxg3 f6 24. Bc4 Rh7 25. Rd3 Bf5 26. Ne4 Rxd3 27. cxd3 Rg7 28. Re3 Bg4 29. Kc2 f5 30. Nf2 Kd6 31. Nxg4 Rxg4 32. Rf3 f4 33. gxf4 exf4 34. Rf2 Bf6 35. Re2 Be5 36. Kd1 h5 37. Ke1 h4 38. Kf1 Rg3 39. b3 f3 40. gxf3 h3 41. d4 Bxd4 42. Re6+ Kc5 43. Ke2 Bg7 44. Re4 Bf6 45. Kf2 Rg2+ 46. Kf1 Rg7 47. Rg4 Rd7 48. Rg6 Rd1+ 0-1

[Event "LLHH 2324 SK Union Eimsbüttel - Hamburg"]
[Site "?"]
[Date "2024.01.14"]
[Round "4.5"]
[White "Foo, Tzun Hong"]
[Black "Kayser, Stefan"]
[Result "0-1"]
[WhiteElo "1959"]
[BlackElo "2105"]
[PlyCount "86"]
[EventDate "2024.??.??"]

1. e4 c6 2. d4 d5 3. exd5 cxd5 4. c4 Nf6 5. Nc3 e6 6. Bd3 dxc4 7. Bxc4 Be7 8. Nge2 Nbd7 9. O-O O-O 10. Bf4 Nb6 11. Bd3 Nbd5 12. Bg3 Bd7 13. Qd2 Bc6 14. Rac1 g6 15. Rfd1 Nh5 16. a3 Nxc3 17. bxc3 Nxg3 18. hxg3 Bxa3 19. Ra1 Be7 20. f3 Bf6 21. Be4 Qd6 22. c4 Rfd8 23. c5 Qxc5 24. dxc5 Rxd2 25. Rxd2 Bxa1 26. Bxc6 bxc6 27. Ra2 Be5 28. Ra6 Kf8 29. Rxc6 a5 30. f4 Bf6 31. Rb6 Bd8 32. Rb7 Rc8 33. Rb5 Rxc5 34. Rb8 Ke7 35. Nd4 Bc7 36. Rb7 Kd7 37. Kf1 Kc8 38. Rb3 e5 39. Nb5 exf4 40. Nxc7 Kxc7 41. gxf4 a4 42. Ra3 Rc4 43. g3 Re4 0-1

[Event "LLHH 2324 SK Union Eimsbüttel - Hamburg"]
[Site "?"]
[Date "2024.01.14"]
[Round "4.6"]
[White "Adloff, Ralf"]
[Black "Klaas, Heiko"]
[Result "1/2-1/2"]
[WhiteElo "2080"]
[BlackElo "1878"]
[PlyCount "49"]
[EventDate "2024.??.??"]

1. Nf3 d5 2. e3 Nf6 3. b3 g6 4. Bb2 Bg7 5. c4 c6 6. Be2 O-O 7. O-O Re8 8. d4 Ne4 9. Nc3 Nxc3 10. Bxc3 c5 11. cxd5 Qxd5 12. Re1 cxd4 13. Nxd4 a6 14. Qc2 e5 15. e4 Qd6 16. Nf3 Nc6 17. Rad1 Nd4 18. Qb2 Nxf3+ 19. Bxf3 Qf6 20. Bb4 Rd8 21. Rxd8+ Qxd8 22. Rd1 Qg5 23. Bd2 Qe7 24. Be3 Bd7 25. Qd2 1/2-1/2

[Event "LLHH 2324 SK Union Eimsbüttel - Hamburg"]
[Site "?"]
[Date "2024.01.14"]
[Round "4.7"]
[White "Kort, Felix"]
[Black "Winter, Markus"]
[Result "1-0"]
[WhiteElo "1935"]
[BlackElo "2019"]
[PlyCount "73"]
[EventDate "2024.??.??"]

1. d4 Nf6 2. c4 e6 3. Nc3 d5 4. cxd5 exd5 5. Bg5 c6 6. e3 Nbd7 7. Bd3 Bd6 8. Qc2 h6 9. Bh4 O-O 10. Nge2 Re8 11. O-O Qc7 12. Bg3 a6 13. Rac1 b6 14. b4 Bxg3 15. Nxg3 Qd6 16. Qb3 g6 17. e4 dxe4 18. Ncxe4 Nxe4 19. Bxe4 Bb7 20. a4 Nf8 21. Rfd1 Re7 22. h4 Rae8 23. Bf3 h5 24. b5 cxb5 25. Bxb7 Rxb7 26. axb5 a5 27. d5 Nd7 28. Rc6 Qe7 29. d6 Qd8 30. Qd5 Re5 31. Qd3 Re6 32. Qd4 Nc5 33. f3 Rd7 34. Ne4 Qxh4 35. Rc8+ Rd8 36. g3 Nxe4 37. gxh4 1-0

[Event "LLHH 2324 SK Union Eimsbüttel - Hamburg"]
[Site "?"]
[Date "2024.01.14"]
[Round "4.8"]
[White "Aumueller, Ingo"]
[Black "Lu, Yunong Elias"]
[Result "1/2-1/2"]
[WhiteElo "1969"]
[BlackElo "1802"]
[PlyCount "87"]
[EventDate "2024.??.??"]

1. c4 c5 2. Nc3 Nf6 3. e4 e5 4. g3 g6 5. Bg2 Bg7 6. d3 d6 7. Nge2 O-O 8. O-O Nc6 9. Be3 Nd4 10. Qd2 Ng4 11. h3 Nxe3 12. fxe3 Bh6 13. Nxd4 cxd4 14. Nd1 Qg5 15. Rf3 f5 16. Qf2 fxe4 17. Rxf8+ Bxf8 18. h4 Qe7 19. Bxe4 Bg7 20. exd4 exd4 21. Qg2 Be5 22. Nf2 Be6 23. Nh3 Bxh3 24. Qxh3 Rf8 25. Rf1 Rxf1+ 26. Kxf1 Qf7+ 27. Kg2 Kg7 28. Qc8 b6 29. Qb7 Qxb7 30. Bxb7 h5 31. Kf3 g5 32. hxg5 Kg6 33. Bc6 Kxg5 34. Be8 a5 35. b3 Bh8 36. Bf7 Bg7 37. Be8 Bf6 38. Bd7 Be5 39. Be8 Bh8 40. Bf7 Bg7 41. Bd5 Be5 42. Be6 Kf6 43. Bh3 Kg5 44. Bd7 1/2-1/2

[Event "LLHH 2324 SK Johanneum Eppendorf II - Ha"]
[Site "?"]
[Date "2024.01.14"]
[Round "4.1"]
[White "Fehling, Michael"]
[Black "Wenzel, Birger"]
[Result "1/2-1/2"]
[WhiteElo "2102"]
[BlackElo "2035"]
[PlyCount "36"]
[EventDate "2024.??.??"]

1. e4 c6 2. d4 d5 3. Nc3 dxe4 4. Nxe4 Nf6 5. Nxf6+ exf6 6. c3 Bd6 7. Bd3 O-O 8. Qc2 Re8+ 9. Ne2 h5 10. O-O h4 11. h3 Nd7 12. Bd2 Nf8 13. Rae1 Bc7 14. f4 Qd6 15. f5 Rxe2 16. Rxe2 Qh2+ 17. Kf2 Qg3+ 18. Kg1 Qh2+ 1/2-1/2

[Event "LLHH 2324 SK Johanneum Eppendorf II - Ha"]
[Site "?"]
[Date "2024.01.14"]
[Round "4.2"]
[White "Johannsen, Dennis"]
[Black "Meier, David Geffrey"]
[Result "0-1"]
[WhiteElo "2064"]
[BlackElo "2101"]
[PlyCount "132"]
[EventDate "2024.??.??"]

1. Nf3 d5 2. d4 Nf6 3. Bf4 c5 4. c3 Nc6 5. e3 Bg4 6. Nbd2 e6 7. Qb3 Qb6 8. Be2 Be7 9. h3 Bxf3 10. Bxf3 O-O 11. O-O cxd4 12. exd4 Bd8 13. Rfe1 Bc7 14. Qxb6 Bxb6 15. Re2 Rac8 16. Rae1 h6 17. h4 Bxd4 18. cxd4 Nxd4 19. Nb3 Nxe2+ 20. Rxe2 Rc4 21. Be5 Nd7 22. Bc3 b6 23. g3 Rfc8 24. Re1 Rd8 25. Nd2 Rcc8 26. Bd1 Nc5 27. Nf3 Ne4 28. Bd4 Rc1 29. Ne5 f6 30. Nd3 Rc4 31. Be3 Kf7 32. Bb3 Rcc8 33. Kg2 g5 34. hxg5 hxg5 35. f3 Nc5 36. Bc2 Nb7 37. Bb1 Nd6 38. Rh1 Rh8 39. Rxh8 Rxh8 40. f4 gxf4 41. Nxf4 Nc4 42. Bc1 Rd8 43. Bg6+ Ke7 44. Bh5 Ne5 45. Bd2 Nc6 46. Bf3 Kd6 47. b3 Rc8 48. Bd1 e5 49. Nd3 Nd4 50. Kf2 Nb5 51. a4 Nc3 52. Bg4 Ne4+ 53. Ke3 Rg8 54. Bb4+ Nc5 55. Nf2 f5 56. Bxf5 Rxg3+ 57. Ke2 Rxb3 58. Bxc5+ bxc5 59. Bc2 Ra3 60. Kd2 c4 61. Kc1 Rf3 62. Ng4 e4 63. Bd1 Rg3 64. Kd2 d4 65. Nf6 Rg2+ 66. Kc1 e3 0-1